<?xml version="1.0" encoding="UTF-8"?>
<record
    xmlns:xsi="http://www.w3.org/2001/XMLSchema-instance"
    xsi:schemaLocation="http://www.loc.gov/MARC21/slim http://www.loc.gov/standards/marcxml/schema/MARC21slim.xsd"
    xmlns="http://www.loc.gov/MARC21/slim">

  <leader>01570nam a22002057a 4500</leader>
  <controlfield tag="008">140620b        xxu||||| |||| 00| 0 eng d</controlfield>
  <datafield tag="020" ind1=" " ind2=" ">
    <subfield code="a">9780077129521</subfield>
  </datafield>
  <datafield tag="050" ind1=" " ind2=" ">
    <subfield code="a">HB171.5.B695</subfield>
  </datafield>
  <datafield tag="100" ind1=" " ind2=" ">
    <subfield code="a">Begg, David.</subfield>
  </datafield>
  <datafield tag="245" ind1=" " ind2=" ">
    <subfield code="a">Economics. /</subfield>
    <subfield code="c">David Begg.</subfield>
  </datafield>
  <datafield tag="250" ind1=" " ind2=" ">
    <subfield code="a">10th ed.</subfield>
  </datafield>
  <datafield tag="260" ind1=" " ind2=" ">
    <subfield code="a">London:</subfield>
    <subfield code="b">McGraw Hill,</subfield>
    <subfield code="c">2011.</subfield>
  </datafield>
  <datafield tag="300" ind1=" " ind2=" ">
    <subfield code="a">xxxv,716p.:</subfield>
    <subfield code="b">ill.;</subfield>
    <subfield code="c">25cm.</subfield>
  </datafield>
  <datafield tag="500" ind1=" " ind2=" ">
    <subfield code="a">Includes index, glossary and appendix.</subfield>
  </datafield>
  <datafield tag="505" ind1=" " ind2=" ">
    <subfield code="a">Contents: Introduction: Economics and the economy -- Tools of economic analysis -- Demand, supply and the market -- Positive microeconomics: Elasticities of demand and supply -- Consumer choice and demand decisions -- Introducing supply decisions -- Costs and supply -- Perfect competition and pure monopoly -- Market structure and imperfect competition -- The labour market -- Factor markets and income distribution -- Risk and information -- Welfare economics: Welfare economics -- Government spending and revenue -- Macroeconomics: Introduction to macroeconomics -- Output and aggregate demand -- Fiscal policy and foreign trade -- Money and banking -- Interest rates and monetary transmission -- Monetary and fiscal policy -- Aggregate supply, prices and adjustment to shocks -- Inflation, expectations and credibility -- Unemployment -- Exchange rates and the balance of payments -- Open economy macroeconomics -- Economic growth Business cycles -- The World economy: International trade -- Exchange rate regimes.</subfield>
  </datafield>
  <datafield tag="700" ind1=" " ind2=" ">
    <subfield code="a">Vernasca, Gianluigi.</subfield>
  </datafield>
  <datafield tag="700" ind1=" " ind2=" ">
    <subfield code="a">Fischer, Stanley.</subfield>
  </datafield>
  <datafield tag="700" ind1=" " ind2=" ">
    <subfield code="a">Dornbusch, Rudiger.</subfield>
  </datafield>
  <datafield tag="942" ind1=" " ind2=" ">
    <subfield code="2">lcc</subfield>
    <subfield code="c">BK</subfield>
  </datafield>
  <datafield tag="999" ind1=" " ind2=" ">
    <subfield code="c">3055</subfield>
    <subfield code="d">10555</subfield>
  </datafield>
  <datafield tag="952" ind1=" " ind2=" ">
    <subfield code="0">0</subfield>
    <subfield code="1">0</subfield>
    <subfield code="2">lcc</subfield>
    <subfield code="4">0</subfield>
    <subfield code="7">0</subfield>
    <subfield code="a">WIUC-1</subfield>
    <subfield code="b">WIUC-1</subfield>
    <subfield code="c">REF</subfield>
    <subfield code="d">2014-06-20</subfield>
    <subfield code="l">0</subfield>
    <subfield code="o">HB171.5.B695</subfield>
    <subfield code="p">7755/182/14</subfield>
    <subfield code="r">2014-06-20 00:00:00</subfield>
    <subfield code="t">1</subfield>
    <subfield code="w">2014-06-20</subfield>
    <subfield code="y">BK</subfield>
  </datafield>
  <datafield tag="952" ind1=" " ind2=" ">
    <subfield code="0">0</subfield>
    <subfield code="1">0</subfield>
    <subfield code="2">lcc</subfield>
    <subfield code="4">0</subfield>
    <subfield code="7">0</subfield>
    <subfield code="a">WIUC-1</subfield>
    <subfield code="b">WIUC-1</subfield>
    <subfield code="c">REF</subfield>
    <subfield code="d">2014-06-20</subfield>
    <subfield code="l">0</subfield>
    <subfield code="o">HB171.5.B6951</subfield>
    <subfield code="p">7756/183/14</subfield>
    <subfield code="r">2014-06-20 00:00:00</subfield>
    <subfield code="t">2</subfield>
    <subfield code="w">2014-06-20</subfield>
    <subfield code="y">BK</subfield>
  </datafield>
</record>
